| 000 | 00660nam a2200205Ia 4500 | ||
|---|---|---|---|
| 003 | GCL | ||
| 008 | 140319s9999 xx 000 0 ara d | ||
| 040 |
_aGCL / _cGCL |
||
| 082 | 0 | 4 |
_a811.009 _bج ش |
| 100 | 1 | _aجيهان صفوت رؤوف | |
| 245 | 1 | 0 |
_aشلى فى الادب العربى فى مصر / _cجيهان صفوت رؤوف |
| 260 |
_a[S.N] : _bدار المعارف ، _c1982 |
||
| 300 | _a426 ص | ||
| 490 |
_aمكتبة الدراسات الادبية _v0 |
||
| 650 | 0 | 4 | _aالشعر العربى |
| 650 | 0 | 4 | _aالادب العربى |
| 650 | 0 | 4 | _aالادب المقارن |
| 650 | 0 | 4 | _aالشعر الانجليزى |
| 942 |
_2ddc _cBK |
||
| 999 |
_c28591 _d28591 |
||